Vatikanstadt-Quiz - Sudden Death - Statistiken

Allgemein
  • Dieses Quiz wurde 147 mal gespielt
    135 seit der letzten Aktualisierung
  • Das Durchschnittsergebnis liegt bei 6 aus 10
Answers on the Grid
Answers color-coded by a green-red scale on the quiz's grid according to % correct below.
Dies ist die Flagge der Vatikanstadt: 🇻🇦
Die Hauptstadt des Vatikans ist Vatikanstadt
Die Vatikanstadt liegt innerhalb von Italien
Die Vatikanstadt grenzt an ein Land mit dieser Flagge: 🇸🇲
Im Vatikan leben mehr Frauen als Männer
Der letzte Papst kam aus Uruguay
Im Vatikan lebt das Oberhaupt der katholischen Kirche
Flächenmäßig ist die Vatikanstadt das kleinste Land der Welt
Im Vatikan leben rund 1000 Menschen
Solange kein neuer Papst gewählt wurde, tritt nach jeder Wahl Roter Rauch aus dem Schornstein der Sixtinischen Kapelle
Für die Sicherheit des Papstes wird durch die Österreichergarde gesorgt
Das KFZ-Kennzeichen der Vatikanstadt lautet "VC"
In der Vatikanstadt spricht man bis heute noch Latein
In der Vatikanstadt steht die größte Kirche der Welt
Das Zahlungsmittel des Vatikans ist der Euro
Die Vatikanstadt wird von einem Fluss durchflossen
Die Vatikanstadt hat schon einmal einen ESC gewonnen
Die vatikanische Vorwahl ist +279
Der Vatikan ist nicht in der NATO
Die Vatikanstadt ist Mitglied der Europäischen Union
 
Antwortstatistiken
Antwort % Korrekt
Die Vatikanstadt liegt innerhalb von Italien
76%
Im Vatikan lebt das Oberhaupt der katholischen Kirche
76%
Die Hauptstadt des Vatikans ist Vatikanstadt
73%
Flächenmäßig ist die Vatikanstadt das kleinste Land der Welt
73%
Das Zahlungsmittel des Vatikans ist der Euro
65%
Der Vatikan ist nicht in der NATO
65%
Dies ist die Flagge der Vatikanstadt: 🇻🇦
65%
Im Vatikan leben rund 1000 Menschen
61%
In der Vatikanstadt spricht man bis heute noch Latein
57%
In der Vatikanstadt steht die größte Kirche der Welt
36%
Keine übereinstimmenden Quizze gefunden
Verteilung der Resultate
Anzahl Personen mit jedem Resultat
Perzentil nach korrekt beantworteten Fragen
Ihre Resultats-Entwicklung
Sie haben dieses Quiz seit der letzten Aktualisierung nicht gespielt